Principles of colloid and surface chemistry

Сохранить в:
Библиографические подробности
Главные авторы: Hiemenz, Paul C (Автор), Rajagopalan, Raj (Автор)
Формат:
Язык:английский
Опубликовано: Nueva York Marcel Dekker 1997
Редактирование:3a. ed
Предметы:
Метки: Добавить метку
Нет меток, Требуется 1-ая метка записи!

MARC

LEADER 00000cam a2200000 a 4500
001 UCN1044
003 CL-VaPUC
008 010420e19970000US |||||||||||||||||eng|d
020 |a 0824793978 
082 0 4 |a 541.345  |b HIE  |2 21 
100 |a Hiemenz, Paul C  |e author  |9 456409 
700 0 |a Rajagopalan, Raj  |e author  |9 456410 
245 1 0 |a Principles of colloid and surface chemistry 
250 |a 3a. ed 
300 |a 650 p 
942 |c BK 
945 |d 20010420 00:00:00  |a vberengu 
260 |a Nueva York  |b Marcel Dekker  |c 1997 
650 0 |a Coloides  |9 259819 
650 7 |a QUIMICA DE SUPERFICIES  |2 CL-VaPUC  |9 259574 
650 0 |a Estados de la Materia  |9 347141 
650 7 |a DISPERSIONES  |2 CL-VaPUC  |9 456411 
650 7 |a ELECTROFORESIS  |2 CL-VaPUC  |9 261799 
650 7 |a ELECTROSTATICA  |2 CL-VaPUC  |9 456412 
650 7 |a QUIMICA DE LOS COLOIDES  |2 CL-VaPUC  |9 456413 
583 |a last modification  |c 20140107 04:09:07  |k Rodrigo Vera 
999 |c 294637  |d 294635 
952 |0 0  |1 0  |4 0  |6 541_345000000000000_HIE_1997  |7 0  |8 A  |9 347205  |a BIBING  |b BIBING  |d 2019-11-20  |i 371022K  |l 1  |o 541.345 HIE 1997  |p 371022K  |r 2025-01-20  |s 2020-07-27  |w 2019-11-20  |y BK  |k EIB 
952 |0 0  |1 0  |3 erd  |4 0  |6 541_345000000000000_HIE_1997  |7 0  |8 A  |9 347206  |a BIBING  |b BIBING  |i 5046327  |o 541.345 HIE 1997  |p 5046327  |r 2025-01-20  |w 2019-11-20  |y BK  |z Catalogado en:20140116  |k EIB 
952 |0 0  |1 0  |3 erd  |4 0  |6 541_345000000000000_HIE_1997  |7 0  |8 A  |9 347207  |a BIBING  |b BIBING  |i 5124700  |o 541.345 HIE 1997  |p 5124700  |r 2025-01-20  |w 2019-11-20  |y BK  |z Catalogado en:20141113  |k EIB 
952 |0 0  |1 0  |3 erd  |4 0  |6 541_345000000000000_HIE_1997  |7 0  |8 A  |9 347208  |a BIBING  |b BIBING  |i 5124719  |o 541.345 HIE 1997  |p 5124719  |r 2025-01-20  |w 2019-11-20  |y BK  |z Catalogado en:20141113  |k EIB